| 000 | 02689cam a2200553 i 4500 | ||
|---|---|---|---|
| 001 | DIGRBN0242 | ||
| 003 | NyNyDIG | ||
| 008 | 180804s2013 sp c o 000 j spa d | ||
| 006 | m o d | ||
| 007 | cr ||||||||||| | ||
| 035 | _a(OCoLC)1047938018 | ||
| 040 |
_aDGITA _beng _erda _epn _cDGITA |
||
| 020 |
_a9788499407029 _q(eBook) |
||
| 020 |
_a8499407021 _q(eBook) |
||
| 020 | _z9788497429016 | ||
| 020 | _z849742901X | ||
| 041 | 1 |
_aspa _heng |
|
| 050 | 4 | _aPR5813.S7 ebook | |
| 082 | 0 | 4 |
_a823.8 _aFic |
| 100 | 1 |
_aWilde, Oscar, _d1854-1900, _eauthor. |
|
| 245 | 1 | 3 |
_aEl fantasma de Canterville y otros cuentos / _cOscar Wilde ; edición, José Ramón Díaz Gijón ; ilustraciones, A. Imbert ; traducción, Editorial Biblioteca Nueva. |
| 250 | _aEdición en formato digital. | ||
| 264 | 1 |
_aMadrid : _bBiblioteca Nueva, _c[2013] |
|
| 300 |
_a1 online resource : _bportrait. |
||
| 336 |
_atext _btxt _2rdacontent |
||
| 337 |
_acomputer _bc _2rdamedia |
||
| 338 |
_aonline resource _bcr _2rdacarrier |
||
| 347 |
_atext file _2rdaft |
||
| 347 | _bPDF | ||
| 490 | 1 |
_aColección Biblioteca nueva de aventuras ; _v6 |
|
| 505 | 0 | _aEl fantasma de Canterville -- El crimen de Lord Arthur Savile -- El príncipe feliz -- El pescador y su alma -- El amigo fiel -- El modelo millonario. | |
| 588 | 0 | _aOnline resource; title from PDF title page (Digitalia, viewed November 13, 2022). | |
| 655 | 7 |
_aShort stories. _2lcgft |
|
| 700 | 1 |
_aDíaz Gijón, José R. _q(José Ramón), _eeditor. |
|
| 700 | 1 |
_aImbert, Ariette, _eillustrator. |
|
| 700 | 1 | 2 |
_iContainer of (expression): _aWilde, Oscar, _d1854-1900. _tCanterville ghost. _lSpanish _s(Díaz Gijón) |
| 700 | 1 | 2 |
_iContainer of (expression): _aWilde, Oscar, _d1854-1900. _tLord Savile's crime. _lSpanish _s(Díaz Gijón) |
| 700 | 1 | 2 |
_iContainer of (expression): _aWilde, Oscar, _d1854-1900. _tHappy prince. _lSpanish _s(Díaz Gijón) |
| 700 | 1 | 2 |
_iContainer of (expression): _aWilde, Oscar, _d1854-1900. _tFisherman and his soul. _lSpanish _s(Díaz Gijón) |
| 700 | 1 | 2 |
_iContainer of (expression): _aWilde, Oscar, _d1854-1900. _tDevoted friend. _lSpanish _s(Díaz Gijón) |
| 700 | 1 | 2 |
_iContainer of (expression): _aWilde, Oscar, _d1854-1900. _tModel millionaire _lSpanish _s(Díaz Gijón) |
| 791 | 2 |
_aDigitalia (Firm), _edistributor. |
|
| 793 | 0 |
_gDigitalia eBook Collection: _aBiblioteca Nueva |
|
| 776 | 0 | 8 |
_iPrint version: _aWilde, Oscar, 1854-1900. _tFantasma de Canterville y otros cuentos. _dMadrid : Biblioteca Nueva, [2009] _z9788497429016 |
| 830 | 0 |
_aColección Biblioteca Nueva de aventuras ; _v6. |
|
| 856 | 4 | 0 |
_3Digitalia Hispánica _uhttps://www.digitaliapublishing.com/a/45851/ |
| 910 | _aPremium Collection: 2022 | ||
| 942 | _cRAA | ||
| 999 |
_c249202 _d249202 |
||